000 00194 a2200097 4500
020 _a9780794541729
041 _aeng
100 _aMackinnon, Mairi
245 _aThe fox and the crow
942 _cBK
999 _c31637
_d31635